| 000 | 00717nam a22002417a 4500 | ||
|---|---|---|---|
| 999 |
_c323651 _d323651 |
||
| 001 | 37462 | ||
| 003 | UA-OsUOA | ||
| 005 | 20200325215557.0 | ||
| 007 | ta | ||
| 008 | 20060327b un ||||| |||| 00| 0 ukr d | ||
| 020 | _a5769510080 | ||
| 040 |
_aUA-OsUOA _brus _cUA-OsUOA _dUA-OsUOA |
||
| 041 | _arus | ||
| 080 | _a81'22 | ||
| 090 |
_a81'22 _bМ55 |
||
| 100 | _aМечковская Н. Б. | ||
| 245 |
_aСемиотика. Язык. Природа. Культура _bкурс лекций |
||
| 260 |
_aМ. _bАкадемия _c2004 |
||
| 300 | _a432 с. | ||
| 650 | 7 |
_a8 Мовознавство. Художня література. Літературознавство _2UDC |
|
| 942 |
_cBK _2udc |
||
| 955 | _a2 | ||